Online
Catalog

Herramientas y técnicas de persuasión política y campañas electorales / (Record no. 6510)

MARC details
000 -CABECERA
campo de control de longitud fija 00990nam a2200277 a 4500
001 - NÚMERO DE CONTROL
campo de control 000006721
003 - IDENTIFICADOR DEL NÚMERO DE CONTROL
campo de control DO-SdBNP
005 - FECHA Y HORA DE LA ÚLTIMA TRANSACCIÓN
campo de control 20251209121908.0
008 - DATOS DE LONGITUD FIJA--INFORMACIÓN GENERAL
campo de control de longitud fija 090902s1998 dr a 000 0 spa d
040 ## - FUENTE DE LA CATALOGACIÓN
Centro catalogador/agencia de origen DO-SdBNP
Lengua de catalogación spa
Centro/agencia transcriptor BNPHU
082 ## - NÚMERO DE LA CLASIFICACIÓN DECIMAL DEWEY
Número de clasificación 320.014
Número de documento/Ítem P849h
100 1# - ENTRADA PRINCIPAL--NOMBRE DE PERSONA
Nombre de persona Portes Bautista, Francisco
9 (RLIN) 18706
245 10 - MENCIÓN DE TÍTULO
Título Herramientas y técnicas de persuasión política y campañas electorales /
Mención de responsabilidad, etc. Francisco Portes Bautista.
260 ## - PUBLICACIÓN, DISTRIBUCIÓN, ETC.
Lugar de publicación, distribución, etc. Santo Domingo :
Nombre del editor, distribuidor, etc. Educando,
Fecha de publicación, distribución, etc. 1998.
300 ## - DESCRIPCIÓN FÍSICA
Extensión 310 p. :
Otras características físicas il. ;
Dimensiones 22 cm.
500 ## - NOTA GENERAL
Nota general Incluye referencias bibliográficas y notas al pie de las páginas.
504 ## - NOTA DE BIBLIOGRAFÍA, ETC.
Nota de bibliografía, etc. Bibliografía: p.297-310.
590 ## - NOTA LOCAL (RLIN)
Nota local Inventariado, 2019/MFF
650 #0 - PUNTO DE ACCESO ADICIONAL DE MATERIA--TÉRMINO DE MATERIA
Término de materia o nombre geográfico como elemento de entrada Campaña electoral
9 (RLIN) 46157
650 #4 - PUNTO DE ACCESO ADICIONAL DE MATERIA--TÉRMINO DE MATERIA
Término de materia o nombre geográfico como elemento de entrada Propaganda electoral
9 (RLIN) 18708
650 #4 - PUNTO DE ACCESO ADICIONAL DE MATERIA--TÉRMINO DE MATERIA
Término de materia o nombre geográfico como elemento de entrada Publicidad política
9 (RLIN) 6359
650 #4 - PUNTO DE ACCESO ADICIONAL DE MATERIA--TÉRMINO DE MATERIA
Término de materia o nombre geográfico como elemento de entrada Política y medios de comunicación de masas
9 (RLIN) 18709
650 #4 - PUNTO DE ACCESO ADICIONAL DE MATERIA--TÉRMINO DE MATERIA
Término de materia o nombre geográfico como elemento de entrada Psicología política
9 (RLIN) 18710
910 ## - DATOS DE OPCIÓN DEL USUARIO (OCLC)
Datos de opción del usuario Validado. Control de calidad EMS.
942 ## - ELEMENTOS DE PUNTO DE ACCESO ADICIONAL (KOHA)
Fuente del sistema de clasificación o colocación Dewey Decimal Classification
Tipo de ítem Koha Libro
Holdings
Estado de retiro Estado de pérdida No para préstamo Código de colección Localización permanente Ubicación/localización actual Ubicación en estantería Fecha de adquisición Número de inventario Total de préstamos Signatura topográfica completa Código de barras Fecha visto por última vez Precio válido a partir de Tipo de ítem Koha Número de copia Restricciones de uso Fuente de adquisición
    Excluido de préstamo Patrimonio Dominicano Patrimonio Dominicano Patrimonio Dominicano Depósito 02.09.2009 LF1   320.014 P849h 6721-10 25.06.2020 25.06.2020 Libro y Folleto Colección Patrimonio Dominicano      
  Extraviado Excluido de préstamo Patrimonio Dominicano Patrimonio Dominicano Patrimonio Dominicano Extraviado 14.02.2011 LF1   320.014 P849h 6721-20 25.06.2020 25.06.2020 Libro y Folleto Colección Patrimonio Dominicano e. 2    
  Extraviado   Dominicana de Servicio Patrimonio Dominicano Patrimonio Dominicano Extraviado 17.02.2011 LF1   320.014 P849h 6721-40 25.06.2020 25.06.2020 Libro y Folleto Colección Dominicana de Servicio e. 4    
  Extraviado   Dominicana de Servicio Patrimonio Dominicano Patrimonio Dominicano Extraviado 14.02.2011 LF1   320.014 P849h 6721-30 25.06.2020 25.06.2020 Libro y Folleto Colección Dominicana de Servicio e. 3   Extraviado, 2019/MFF

Powered by Koha